ՀՀ Գիտությունների ազգային ակադեմիայի հիմնարար գիտական գրադարան  =   Fundamental Scientific Library of NAS RA

Մշտական զօրք եւ միլիցիա / (Record no. 96558)

MARC details
000 -LEADER
fixed length control field 00750nam a2200193 a 4500
001 - CONTROL NUMBER
control field 000265721
003 - CONTROL NUMBER IDENTIFIER
control field AM-YeHGA
005 - DATE AND TIME OF LATEST TRANSACTION
control field 20250618071753.0
008 - FIXED-LENGTH DATA ELEMENTS--GENERAL INFORMATION
fixed length control field 030925s1907 ai 000 | arm d
040 ## - CATALOGING SOURCE
Original cataloging agency AM-YeHGA
090 ## - LOCALLY ASSIGNED LC-TYPE CALL NUMBER (OCLC); LOCAL CALL NUMBER (RLIN)
-- 97863
100 1# - MAIN ENTRY--PERSONAL NAME
Personal name Պիմէնօվ
245 10 - TITLE STATEMENT
Title Մշտական զօրք եւ միլիցիա /
Statement of responsibility, etc. Պիմէնօվ; Թարգմ.՝ Յ. Եսայեան.
260 ## - PUBLICATION, DISTRIBUTION, ETC.
Place of publication, distribution, etc. Թիֆլիս :
Name of publisher, distributor, etc. տպ. Հերմէս,
Date of publication, distribution, etc. 1907.
300 ## - PHYSICAL DESCRIPTION
Extent 16 էջ ;
Dimensions 17 սմ.
501 ## - WITH NOTE
With note Ալիգ. 4 : Կազմված է՝ Յ. Եսայեան՝ Սիրոյ յարութիւն .- Ալէքսանդրապօլ,1905...
650 14 - SUBJECT ADDED ENTRY--TOPICAL TERM
Topical term or geographic name entry element Ռուս գրականություն
General subdivision Պատմվածք
9 (RLIN) 4645
700 1# - ADDED ENTRY--PERSONAL NAME
Personal name Եսայեան, Յարութիւն
Relator term թարգմ.
Relationship trl
Holdings
Withdrawn status Lost status Damaged status Not for loan Collection Home library Current library Date acquired Total checkouts Full call number Barcode Date last seen Price effective from Koha item type Public note
        General Fundamental Scientific Library Fundamental Scientific Library 22/12/2016   AI/1781 FL0035330 22/12/2016 22/12/2016 Գրքեր / Books 30 Days Loan


ՀՀ ԳԱԱ հիմնարար գիտական գրադարան
ՀՀ,Երևան 0019
Մարշալ Բաղրամյան 24/6
հեռախոս:(374-10) 52-47-50
Հետադարձ կապ

All site content, except where otherwise noted, is licensed under a
Creative Commons License